Vrai ou Faux culture générale - Statistiques

Statistiques générales
  • Ce quiz a été pris 529 fois
  • Le résultat moyen est 9 sur 15
Statistiques - réponses
Question Réponse % Correct
La vache fait partie de la famille des bovins. Vrai ou faux ? Vrai
96%
Dans l'armée, un colonel possède un grade plus élevé qu'un lieutenant. Vrai ou faux ? Vrai
84%
L'UNESCO est plus connue sous le nom Organisation des Nations Unies. Vrai ou faux ? Faux
83%
Un produit fongicide vise à tuer les champignons. Vrai ou faux ? Vrai
83%
Le Kamasutra est un livre qui a été interdit au Royaume-Uni jusqu'en 1963. Vrai ou faux ? Vrai
79%
Les noms des jours de la semaine sont associés au système solaire. Vrai ou faux ? Vrai
71%
Le tigre est un animal zodiacal chinois. Vrai ou faux ? Vrai
71%
L'archipel des Seychelles est situé dans le Pacifique. Vrai ou faux ? Faux
61%
Le personnage de Davy Crockett a réellement existé. Vrai ou faux ? Vrai
61%
La tour Eiffel a été construite pour l'Exposition Universelle de Paris de 1900. Vrai ou faux ? Faux
57%
La Sardaigne est plus proche de l'Afrique que de l'Europe continentale. Vrai ou faux ? Vrai
54%
La 9ᵉ symphonie de Beethoven est l’hymne de l'Union européenne. Vrai ou faux ? Vrai
49%
Les canettes en aluminium sont recyclables à l’infini pour en faire de nouvelles canettes. Vrai ou Faux ? Faux
40%
Le diazote est le principal gaz présent dans l'air. Vrai ou faux ? Vrai
39%
Les bananes poussent dans des arbres. Vrai ou faux ? Faux
9%
Aucun quiz correspondant
Distribution des résultats
% des personnes avec chaque résultat
Percentile par nombre de réponses
Votre historique - résultats
Vous n’avez pas pris ce quiz